| 000 | 01323nam a22002777a 4500 | ||
|---|---|---|---|
| 999 |
_c97568 _d97568 |
||
| 003 | NALT | ||
| 005 | 20250312091132.0 | ||
| 008 | 200915b th ||||| |||| 00| 0 tha d | ||
| 020 | _a9786164760424 | ||
| 040 | _aNALT | ||
| 090 |
_aKE 141 _bน641อ 2562 |
||
| 100 | 0 |
_aนิยม รัฐอมฤต _99490 |
|
| 245 | 1 | 0 |
_aองค์กรอิสระกับการสร้างความสมดุลในระบบการเมือง / _cนิยม รัฐอมฤต และอุดม รัฐอมฤต. |
| 250 | _aพิมพ์ครั้งที่ 1. | ||
| 260 |
_aกรุงเทพฯ : _bสถาบันพระปกเกล้า, _c2562. |
||
| 300 |
_a135 หน้า : _bตาราง ; _c21 ซม. |
||
| 650 | 0 |
_aองค์กรอิสระ _zไทย _921324 |
|
| 650 | 4 |
_921722 _aดุลอำนาจ |
|
| 650 | 0 |
_aการปฏิรูปการเมือง _zไทย _99510 |
|
| 700 | 0 |
_aอุดม รัฐอมฤต _918323 |
|
| 710 | 2 |
_92339 _aสถาบันพระปกเกล้า |
|
| 850 | _aNALT | ||
| 942 |
_cLB _2local |
||
| 998 |
_abijaya _c103 _j111 _k นางสาวพจพิณ พรมเอี่ยม |
||